000 00540nam a22001697a 4500
999 _c61469
_d61469
005 20240318144634.0
008 240318s1984 ru ||||| |||| 00| 0 rus d
041 _arus
080 _a549.892.1 C-75
100 _aСребродольский, Б.И.
_921450
245 _aЯнтарь /
_cБ.И. Сребродольский.
264 _aМосква :
_bНаука,
_c1984.
300 _a 112 с. :
_bил.;
_c20 см.
653 _aქარვა
653 _aძვირფასი ქვები
942 _2udc
_cᲬᲘᲒᲜᲘ